[Event "Mostoles op 12th"]
[Site "Mostoles"]
[Date "2023.07.30"]
[Round "8"]
[White "Arevillca Colque, Jonatan"]
[Black "Gaisse Lopez Pardo, Fernando"]
[Result "1-0"]
[WhiteElo "1755"]
[BlackElo "1359"]
[PlyCount "36"]
[EventDate "2023.07.23"]
[EventType "swiss"]
[EventRounds "8"]
[EventCountry "ESP"]
[SourceTitle "CBM 215 Extra"]
[Source "ChessBase"]
[SourceDate "2023.09.30"]
[SourceVersion "1"]
[SourceVersionDate "2023.09.30"]
[SourceQuality "1"]

1. e4 c5 2. d4 cxd4 3. c3 dxc3 4. Nxc3 e6 5. Nf3 a6 6. Bc4 Be7 7. 0-0 Nc6 8. Bf4 g5 9. Bg3 h5 10. Nd5 Ra7 11. Bc7 exd5 12. Bxd8 dxc4 13. Bxe7 Ngxe7 14. Nxg5 Ne5 15. f4 Ng4 16. Qd4 Ng6 17. Qxa7 f6 18. Qc5 Kd8 1-0

[Event "Mostoles op 12th"]
[Site "Mostoles"]
[Date "2023.07.29"]
[Round "7"]
[White "Fernandez Rodriguez, Juan"]
[Black "Arevillca Colque, Jonatan"]
[Result "0-1"]
[WhiteElo "1600"]
[BlackElo "1755"]
[PlyCount "36"]
[EventDate "2023.07.23"]
[EventType "swiss"]
[EventRounds "8"]
[EventCountry "ESP"]
[SourceTitle "CBM 215 Extra"]
[Source "ChessBase"]
[SourceDate "2023.09.30"]
[SourceVersion "1"]
[SourceVersionDate "2023.09.30"]
[SourceQuality "1"]

1. d4 d5 2. Bf4 Nf6 3. e3 e6 4. Nf3 Bd6 5. Bd3 b6 6. Nbd2 0-0 7. 0-0 Ba6 8. Qe2 Bxd3 9. Qxd3 c5 10. c3 Nc6 11. Rac1 Rc8 12. Bxd6 Qxd6 13. Rfd1 Rfd8 14. dxc5 bxc5 15. e4 dxe4 16. Qxd6 Rxd6 17. Ng5 Rcd8 18. Kf1 Rxd2 0-1

[Event "Madrid-ch Previa A"]
[Site "Madrid"]
[Date "2023.02.21"]
[Round "8.13"]
[White "Melero Fernandez, Jose M"]
[Black "Arevillca Colque, Jonatan"]
[Result "0-1"]
[WhiteElo "1334"]
[BlackElo "1765"]
[PlyCount "64"]
[EventDate "2023.02.06"]
[EventType "swiss"]
[EventRounds "9"]
[EventCountry "ESP"]
[SourceTitle "EXT 2024"]
[Source "ChessBase"]
[SourceDate "2023.10.10"]
[SourceVersion "1"]
[SourceVersionDate "2023.10.10"]
[SourceQuality "1"]

1. e4 e5 2. Nf3 Nc6 3. d4 exd4 4. Nxd4 Bc5 5. Be3 Qf6 6. c3 Nge7 7. Bc4 d6 8. Nd2 Nxd4 9. cxd4 Bxd4 10. Bxd4 Qxd4 11. b3 Bg4 12. Qc1 Ng6 13. 0-0 0-0 14. Re1 Nf4 15. Nf1 Qe5 16. Qe3 Rfe8 17. Qg3 Be6 18. Ne3 Bxc4 19. Nxc4 Ne2+ 20. Kh1 Nxg3+ 21. hxg3 Qh5+ 22. Kg1 Re6 23. f3 Qc5+ 24. Ne3 d5 25. Rac1 Qb6 26. Kf1 dxe4 27. Nc4 Qa6 28. fxe4 Rf6+ 29. Kg1 Qxa2 30. Rf1 b5 31. Ne5 Qxb3 32. Rxc7 Qe3+ 0-1

[Event "Madrid-ch Previa A"]
[Site "Madrid"]
[Date "2023.02.14"]
[Round "5.6"]
[White "Arevillca Colque, Jonatan"]
[Black "Marin Aso, Jose Luis"]
[Result "1/2-1/2"]
[WhiteElo "1765"]
[BlackElo "1865"]
[PlyCount "114"]
[EventDate "2023.02.06"]
[EventType "swiss"]
[EventRounds "9"]
[EventCountry "ESP"]
[SourceTitle "EXT 2024"]
[Source "ChessBase"]
[SourceDate "2023.10.10"]
[SourceVersion "1"]
[SourceVersionDate "2023.10.10"]
[SourceQuality "1"]

1. e4 c5 2. d4 cxd4 3. c3 Nf6 4. e5 Nd5 5. Nf3 d6 6. Bc4 dxe5 7. Nxe5 Nc6 8. Nxf7 Kxf7 9. Qf3+ Kg8 10. Qxd5+ Qxd5 11. Bxd5+ e6 12. Bb3 dxc3 13. Nxc3 Nd4 14. Be3 Nxb3 15. axb3 Bd7 16. Rxa7 Rxa7 17. Bxa7 Bc6 18. 0-0 Be7 19. Bb6 Kf7 20. Rd1 Ra8 21. h3 Ra6 22. Bd8 Bxd8 23. Rxd8 Rb6 24. Rd2 Rxb3 25. f3 Ke7 26. Kf2 Kf6 27. Ke3 Ke5 28. f4+ Kf6 29. g3 Rb4 30. g4 Rb3 31. Kd3 Rb4 32. Rf2 g6 33. g5+ Kf5 34. Ke3 e5 35. fxe5+ Kxe5 36. Rh2 Rh4 37. Ne2 Kf5 38. Nd4+ Kxg5 39. Nxc6 bxc6 40. Kf3 Rb4 41. Rc2 Kh4 42. Kg2 g5 43. Kh2 h6 44. Kg2 h5 45. Kh2 Rb3 46. Rc4+ g4 47. hxg4 hxg4 48. Rc2 c5 49. Kg2 c4 50. Kh2 Rd3 51. Kg2 Rb3 52. Kh2 Rd3 53. Kg2 Rb3 54. Kh2 Rd3 55. Kg2 Rb3 56. Kh2 Rd3 57. Kg2 Rb3 1/2-1/2

[Event "ESP-ch U14 Rapid"]
[Site "Salobrena"]
[Date "2022.07.24"]
[Round "5"]
[White "Arevillca Colque, Jonatan"]
[Black "Villa Tornero, Alex"]
[Result "0-1"]
[WhiteElo "1486"]
[BlackElo "1925"]
[PlyCount "60"]
[EventDate "2022.07.23"]
[EventType "swiss (rapid)"]
[EventRounds "9"]
[EventCountry "ESP"]
[SourceTitle "EXT 2023"]
[Source "ChessBase"]
[SourceDate "2022.10.05"]
[SourceVersion "1"]
[SourceVersionDate "2022.10.05"]
[SourceQuality "1"]

1. e4 Nf6 2. e5 Nd5 3. c4 Nb6 4. d4 d6 5. Nf3 g6 6. Nc3 Bg7 7. exd6 cxd6 8. Be3 0-0 9. Be2 Bg4 10. Qd3 Nc6 11. h3 Bxf3 12. Bxf3 Nb4 13. Qe2 Rc8 14. a3 Nc6 15. Rd1 e6 16. 0-0 Qe7 17. Bxc6 Rxc6 18. b3 d5 19. c5 Nd7 20. b4 a6 21. a4 Rc7 22. b5 Nxc5 23. Nxd5 exd5 24. dxc5 d4 25. bxa6 bxa6 26. Qxa6 dxe3 27. Rfe1 exf2+ 28. Kxf2 Qxc5+ 29. Kg3 Ra7 30. Qb5 Qa3+ 0-1

[Event "ESP-ch U14 Rapid"]
[Site "Salobrena"]
[Date "2022.07.24"]
[Round "8"]
[White "Lorente Melcon, Maximo"]
[Black "Arevillca Colque, Jonatan"]
[Result "1-0"]
[WhiteElo "1604"]
[BlackElo "1486"]
[PlyCount "81"]
[EventDate "2022.07.23"]
[EventType "swiss (rapid)"]
[EventRounds "9"]
[EventCountry "ESP"]
[SourceTitle "EXT 2023"]
[Source "ChessBase"]
[SourceDate "2022.10.05"]
[SourceVersion "1"]
[SourceVersionDate "2022.10.05"]
[SourceQuality "1"]

1. e4 e5 2. Nf3 Nc6 3. Bc4 Nf6 4. d3 Bc5 5. 0-0 d6 6. c3 a6 7. a4 Ba7 8. h3 Be6 9. Nbd2 h6 10. b4 g5 11. Nh2 h5 12. Bxe6 fxe6 13. Nb3 Rg8 14. Be3 g4 15. hxg4 Nxg4 16. Nxg4 hxg4 17. Bxa7 Rxa7 18. g3 Qg5 19. Kg2 Ra8 20. Rh1 Kd7 21. Rh7+ Ne7 22. Qd2 Qf6 23. Qe3 Raf8 24. Nd2 Kd8 25. Rah1 Ng6 26. Qa7 Ne7 27. R1h6 Rg6 28. Rxg6 Qxg6 29. Qb8+ Kd7 30. Rxe7+ Kxe7 31. Qxc7+ Kf6 32. Qxd6 Qe8 33. Qc5 Qc8 34. Qe3 Qxc3 35. Nc4 Qxb4 36. Qh6+ Ke7 37. Nxe5 Qxa4 38. Ng6+ Ke8 39. Qxf8+ Kd7 40. Qe7+ Kc6 41. Qe8+ 1-0

[Event "Alcorcon Diagonal op 1st"]
[Site "Alcorcon"]
[Date "2022.01.15"]
[Round "1"]
[White "Arevillca Colque, Jonatan"]
[Black "Horcajuelo Rocamora, Martin"]
[Result "0-1"]
[WhiteElo "1524"]
[BlackElo "2136"]
[PlyCount "68"]
[EventDate "2022.01.15"]
[EventType "swiss"]
[EventRounds "7"]
[EventCountry "ESP"]
[SourceTitle "EXT 2023"]
[Source "ChessBase"]
[SourceDate "2022.10.05"]
[SourceVersion "1"]
[SourceVersionDate "2022.10.05"]
[SourceQuality "1"]

1. e4 c5 2. Nf3 d6 3. g3 Nc6 4. d3 g6 5. Bg2 Bg7 6. 0-0 e6 7. Nbd2 Nge7 8. Re1 0-0 9. c3 Rb8 10. Nf1 h6 11. Be3 f5 12. Qd2 Kh7 13. h4 e5 14. N1h2 Be6 15. exf5 gxf5 16. d4 cxd4 17. cxd4 e4 18. d5 Nxd5 19. Nd4 Bg8 20. Nxc6 bxc6 21. Bxa7 Rxb2 22. Qc1 c5 23. Rb1 Rxa2 24. Rb7 Qa8 25. Rd7 Rxa7 26. Rxd6 Ra1 27. Rxh6+ Bxh6 28. Qxa1 Qxa1 29. Rxa1 c4 30. Ra7+ Rf7 31. Ra5 Rc7 32. f4 c3 33. Ra1 c2 34. Rc1 Bg7 0-1

[Event "Collado Villalba op 38th"]
[Site "Collado Villalba"]
[Date "2021.08.28"]
[Round "8"]
[White "Arevillca Colque, Jonatan"]
[Black "Garcia Lopez, Fernando"]
[Result "1-0"]
[WhiteElo "1309"]
[BlackElo "1457"]
[PlyCount "97"]
[EventDate "2021.08.21"]
[EventType "swiss"]
[EventRounds "9"]
[EventCountry "ESP"]
[SourceTitle "EXT 2022"]
[Source "ChessBase"]
[SourceDate "2021.10.06"]
[SourceVersion "1"]
[SourceVersionDate "2021.10.06"]
[SourceQuality "1"]

1. e4 e5 2. Nf3 Nc6 3. d4 exd4 4. Bc4 Bb4+ 5. c3 dxc3 6. bxc3 Bxc3+ 7. Nxc3 Nge7 8. Ng5 0-0 9. Qh5 h6 10. Nxf7 Rxf7 11. Qxf7+ Kh7 12. Bb2 Ne5 13. Qh5 Nxc4 14. Bc1 Qf8 15. 0-0 d6 16. f4 Qf6 17. Rf3 Qg6 18. Qxg6+ Nxg6 19. Nd5 c6 20. Nc7 Rb8 21. Rc3 Nb6 22. Ne8 d5 23. f5 Nf8 24. Rg3 g5 25. Nf6+ Kg7 26. Bb2 Kf7 27. exd5 cxd5 28. Rd1 Bxf5 29. Nxd5 Nxd5 30. Rxd5 Be6 31. Rf3+ Kg8 32. Ra5 a6 33. Rf6 Bc4 34. Rxh6 Rd8 35. Rh8+ Kf7 36. Rf5+ Ke6 37. Rfxf8 Rd1+ 38. Kf2 Rd2+ 39. Kg3 Rxb2 40. Rf2 Rxf2 41. Kxf2 Bxa2 42. Rh5 Kf5 43. h4 Kg4 44. Rh7 Bd5 45. h5 Be4 46. Re7 Bf5 47. h6 b5 48. h7 Bxh7 49. Rxh7 1-0

[Event "Collado Villalba op 38th"]
[Site "Collado Villalba"]
[Date "2021.08.24"]
[Round "4"]
[White "Fernandez Martinez, Luis"]
[Black "Arevillca Colque, Jonatan"]
[Result "0-1"]
[WhiteElo "1491"]
[BlackElo "1309"]
[PlyCount "94"]
[EventDate "2021.08.21"]
[EventType "swiss"]
[EventRounds "9"]
[EventCountry "ESP"]
[SourceTitle "CBM 204 Extra"]
[Source "ChessBase"]
[SourceDate "2021.11.30"]
[SourceVersion "1"]
[SourceVersionDate "2021.11.30"]
[SourceQuality "1"]

1. e4 e5 2. Nc3 Nc6 3. Bc4 Nf6 4. a3 Bc5 5. d3 d6 6. h3 h6 7. Nge2 0-0 8. Na4 Bb6 9. Nxb6 axb6 10. 0-0 Be6 11. Bxe6 fxe6 12. Ng3 d5 13. b4 Qe7 14. Bb2 Rfd8 15. b5 Nd4 16. Bxd4 exd4 17. e5 Nd7 18. f4 Rxa3 19. Rxa3 Qxa3 20. Qg4 Qe7 21. Nh5 Rf8 22. Qg3 Rf5 23. Qg4 Nf8 24. Nf6+ Kh8 25. Nh5 g6 26. Ng3 h5 27. Qe2 Rf7 28. Qf2 Qc5 29. Rb1 h4 30. Ne2 g5 31. Qe1 Qxc2 32. fxg5 Qxd3 33. Qxh4+ Rh7 34. Qe1 Qe3+ 35. Qf2 Qxf2+ 36. Kxf2 Rh5 37. Nxd4 Rxg5 38. Rc1 Rg7 39. g4 Re7 40. Kg3 Ng6 41. Re1 c5 42. bxc6 bxc6 43. Nxc6 Rc7 44. Nd4 Rc3+ 45. Kf2 Nf4 46. Kf1 Rxh3 47. Nf3 Rxf3+ 0-1

[Event "Madrid-ch Previa-A"]
[Site "Madrid"]
[Date "2020.02.04"]
[Round "2"]
[White "Castro Uceda, Jose Antonio"]
[Black "Arevillca Colque, Jonatan"]
[Result "1-0"]
[WhiteElo "1607"]
[BlackElo "1004"]
[PlyCount "154"]
[EventDate "2020.02.03"]
[EventType "swiss"]
[EventRounds "9"]
[EventCountry "ESP"]
[SourceTitle "EXT 2021"]
[Source "ChessBase"]
[SourceDate "2020.10.23"]
[SourceVersion "1"]
[SourceVersionDate "2020.10.23"]
[SourceQuality "1"]

1. e4 e5 2. Qh5 Nc6 3. Bc4 g6 4. Qf3 Nf6 5. Ne2 Nb4 6. Bb3 Bc5 7. d3 h6 8. a3 Nc6 9. Nbc3 d6 10. h3 a6 11. Nd5 Nxd5 12. Bxd5 Be6 13. Be3 Bxd5 14. exd5 Nd4 15. Bxd4 exd4 16. 0-0-0 Qg5+ 17. Kb1 Qf5 18. Qxf5 gxf5 19. Rde1 0-0-0 20. Ng3 f4 21. Nh5 c6 22. Nxf4 Rde8 23. Re4 f5 24. Ree1 Kd8 25. dxc6 Rxe1+ 26. Rxe1 bxc6 27. b4 Bb6 28. Re6 Kd7 29. Rf6 c5 30. Rxf5 cxb4 31. axb4 Ke7 32. Rh5 Rg8 33. Nd5+ Ke6 34. Nxb6 Rxg2 35. Rxh6+ Ke5 36. Rh5+ Ke6 37. f4 Rf2 38. Rh4 Kf5 39. Nd5 Ke6 40. Nc7+ Kf5 41. Nxa6 Re2 42. b5 Re7 43. Rh5+ Kxf4 44. b6 Rb7 45. Rb5 Kg3 46. Nb4 Kxh3 47. Nc6 Kg4 48. Nxd4 Kf4 49. Ne6+ Ke3 50. Nd8 Rb8 51. b7 Rxd8 52. b8Q Rxb8 53. Rxb8 d5 54. Kb2 Kd4 55. Rh8 Kc5 56. c3 Kd6 57. Kb3 Kc5 58. d4+ Kb5 59. Rc8 Ka5 60. Rc5+ Kb6 61. Rxd5 Kc6 62. c4 Kb6 63. Kb4 Kc6 64. Rh5 Kb6 65. Rh6+ Kb7 66. Kb5 Kc7 67. Rg6 Kd7 68. Kc5 Ke7 69. Kd5 Kf8 70. Ra6 Kf7 71. Ke5 Kg7 72. Kf5 Kf8 73. Ra7 Ke8 74. Ke6 Kf8 75. Rb7 Kg8 76. Kf6 Kh8 77. Kg6 Kg8 1-0